[Event "Wch Seniors 50 (Women) 29th"]
[Site "Bucharest"]
[Date "2019.11.20"]
[Round "8"]
[White "Jicman, Ligia Letitia"]
[Black "Heid, Magdalene"]
[Result "1-0"]
[WhiteElo "2070"]
[BlackElo "1461"]
[PlyCount "69"]
[EventDate "2019.11.12"]
[EventType "swiss"]
[EventRounds "11"]
[EventCountry "ROU"]
[SourceTitle "CBM 193 Extra"]
[Source "ChessBase"]
[SourceDate "2020.01.31"]
[SourceVersion "1"]
[SourceVersionDate "2020.01.31"]
[SourceQuality "1"]

1. e4 e6 2. d4 d5 3. Nd2 c5 4. exd5 Qxd5 5. Ngf3 Nc6 6. Bc4 Qd8 7. Nb3 cxd4 8. 0-0 Be7 9. Nbxd4 Nxd4 10. Nxd4 Nf6 11. c3 a6 12. a4 0-0 13. Qe2 Qc7 14. Re1 Bd7 15. Bg5 Nd5 16. Bxe7 Nxe7 17. Bb3 Nc6 18. Nf3 Na5 19. Bc2 g6 20. h4 b5 21. h5 Nc4 22. hxg6 hxg6 23. b3 Nd6 24. Rad1 Rad8 25. Qe5 Ne8 26. Qg5 Ng7 27. Qh6 Qxc3 28. Ng5 Rfe8 29. Be4 Qf6 30. Rd3 Nf5 31. Bxf5 exf5 32. Red1 Re7 33. Nh7 Qg7 34. Qg5 Ree8 35. Nf6+ 1-0

[Event "Wch Seniors 50 (Women) 29th"]
[Site "Bucharest"]
[Date "2019.11.13"]
[Round "2"]
[White "Heid, Magdalene"]
[Black "Makropoulou, Marina"]
[Result "0-1"]
[WhiteElo "1461"]
[BlackElo "2174"]
[PlyCount "38"]
[EventDate "2019.11.12"]
[EventType "swiss"]
[EventRounds "11"]
[EventCountry "ROU"]
[SourceTitle "CBM 193 Extra"]
[Source "ChessBase"]
[SourceDate "2020.01.31"]
[SourceVersion "1"]
[SourceVersionDate "2020.01.31"]
[SourceQuality "1"]

1. e4 c5 2. c3 e6 3. d4 d5 4. e5 Nc6 5. Nf3 Bd7 6. g3 Qb6 7. Bg2 h5 8. 0-0 Nh6 9. b3 cxd4 10. cxd4 Nf5 11. Bb2 Rc8 12. h3 Be7 13. g4 hxg4 14. hxg4 Nh4 15. Nbd2 Ng6 16. Rc1 Nf4 17. Nb1 Qa6 18. Nc3 Nb4 19. Na4 Ne2+ 0-1